| 000 | 00974nam a2200277Ia 4500 | ||
|---|---|---|---|
| 005 | 20250425162121.0 | ||
| 008 | 250425s9999 xx 000 0 und d | ||
| 020 | _a847764068 | ||
| 041 | _aspa | ||
| 082 | _a631 | ||
| 100 | _aAA, S | ||
| 245 | 0 | _aBIBLIOTECA PRACTICA AGRICOLA Y GANADERA: FRUTALES Y BOSQUE VOL. 3 | |
| 250 | _a1A ED. | ||
| 260 | _aBARCELONA | ||
| 260 |
_aEspaƱa _bGRUPO EDITORIAL OCEANO _c1950 |
||
| 300 | _a204 | ||
| 500 | _aEN CIBGZ-FIMCP D-30535 VOL.3 PARA ING. AGROP. | ||
| 520 | _aTRATA ACERCA DE LOS ARBOLES FRUTALES DESDE LA PREPARACION DELSUELO HASTA LA COSECHA Y COMERCIALIZACION; ADEMAS INCLUYE TECNICAS DE PROPAGACION E INJERTOS, CON EL CONSECUENTE MEJORAMIENTO GENETICO A TRAVEZ DE LAS HIBRIDACIONES.LA SILVICULTURA ES OTRA R | ||
| 650 | _aARBOLES FRUTALES-CLASIFICACION | ||
| 650 | _aRIEGO-AGRICULTURA | ||
| 650 | _aSELVICULTURA | ||
| 650 | _aVIVEROS(HORTICULTURA) | ||
| 710 | _aOCEANO | ||
| 942 | _c01 | ||
| 010 | _a51101 | ||
| 999 |
_c222657 _d222657 |
||